An introduction to medical terminology for health care : (Record no. 4544)

MARC details
000 -LEADER
fixed length control field 00618nam a2200205 4500
003 - CONTROL NUMBER IDENTIFIER
control field OSt
005 - DATE AND TIME OF LATEST TRANSACTION
control field 20160629155913.0
008 - FIXED-LENGTH DATA ELEMENTS--GENERAL INFORMATION
fixed length control field 160629b xxu||||| |||| 00| 0 eng d
020 ## - INTERNATIONAL STANDARD BOOK NUMBER
International Standard Book Number 9780443100758
040 ## - CATALOGING SOURCE
Transcribing agency 040a
082 ## - DEWEY DECIMAL CLASSIFICATION NUMBER
Classification number WA 4
Item number H979i 2006
100 ## - MAIN ENTRY--PERSONAL NAME
Personal name Hutton, Andrew R.
9 (RLIN) 9738
245 ## - TITLE STATEMENT
Title An introduction to medical terminology for health care :
Remainder of title a self-teaching package /
Statement of responsibility, etc. Andrew R. Hutton
250 ## - EDITION STATEMENT
Edition statement 4th.ed.
260 ## - PUBLICATION, DISTRIBUTION, ETC. (IMPRINT)
Place of publication, distribution, etc. Edinburgh
Name of publisher, distributor, etc. Churchill Livingstone
Date of publication, distribution, etc. 2006
300 ## - PHYSICAL DESCRIPTION
Extent iii, 383p;
Other physical details col.ill :
Dimensions 27 cm.
504 ## - BIBLIOGRAPHY, ETC. NOTE
Bibliography, etc Includes index
650 ## - SUBJECT ADDED ENTRY--TOPICAL TERM
Topical term or geographic name as entry element Medical terminology
9 (RLIN) 9739
942 ## - ADDED ENTRY ELEMENTS (KOHA)
Source of classification or shelving scheme Other/Generic Classification Scheme
Koha item type Open Shelf
Holdings
Withdrawn status Lost status Source of classification or shelving scheme Damaged status Not for loan Home library Current library Date acquired Source of acquisition Inventory number Total Checkouts Full call number Barcode Date last seen Price effective from Koha item type
    Other/Generic Classification Scheme     MUST Main Library MUST Main Library 29/06/2016   2010/32543   WA 4 H979i 2006 2016-2852 29/06/2016 29/06/2016 Open Shelf